00813nam a22001937a 450000500170000001000150001702000110003203500140004303700130005708200110007010000270008124500670010826000530017527001930022830000210042194200250044299900190046795201330048620230912162100.0 aENG-137910 c175.00 aEN-121442 bDBAD/PUB a954.52 aMalley, L.S.S.O956472 aBengal District Gazetteers :cBy L.S.S.O Malleyb24 Pargana's/ aCalcutta bwest Bengal District Gazetteersc1995 aK.R Biswads IAS, State, Edotor , West Bengal District Gazetterrs, Higher Education Department , Govt Of West Bengal Bikash Bhavan, North Block , 8thFloor Salt Lake Coty bCalcutta e700091 a408p.c21cm(pbk) 2ddccENh954.52mMAL c197712d197712 001040708NFICaCJbCJd2023-08-31eDBAD/PUBg175.00l0o954.52 MALpEN-121442r2023-08-31 00:00:00t1v175.00w2023-08-31yEN